Production Management /

Obra que ofrece una visión de la función preponderante que tiene en el teatro una producción correctamente planeada, que no deje al azar cuestiones que pueden obrar en contra de la representación. Sobre todo, explica cuál es el papel de la persona que se encarga de la producción y sostiene que debe...

Descripció completa

Guardat en:
Dades bibliogràfiques
Autor principal: Aveline, Joe (autor)
Format: Llibre
Idioma:anglès
Publicat: Cambridge, Inglaterra : Entertainment Technology,2002, c2002
Col·lecció:(Application and Techniques Series)
Matèries:
Etiquetes: Afegir etiqueta
Sense etiquetes, Sigues el primer a etiquetar aquest registre!

MARC

LEADER 00000nam^a2200000^a^4500
001 000332990
005 20250521000000.0
009 20260310114118.572
020 |a 1-904031-10-2 
037 |a Acervo ITESO - Biblioteca 
041 |a ING 
082 |a 792. 0232  |b AVE 
100 |a Aveline, Joe  |e (autor) 
245 1 0 |a Production Management /  |c J. Aveline ; pról. de Simon Corder. 
264 4 |a Cambridge, Inglaterra :  |b Entertainment Technology,2002, c2002 
300 |a 132 p. 
336 |a texto  |b txt  |2 rdacontenido 
337 |a sin mediación  |b n  |2 rdamedio 
338 |a volumen  |b nc  |2 rdasoporte 
440 1 |a (Application and Techniques Series) 
520 |a Obra que ofrece una visión de la función preponderante que tiene en el teatro una producción correctamente planeada, que no deje al azar cuestiones que pueden obrar en contra de la representación. Sobre todo, explica cuál es el papel de la persona que se encarga de la producción y sostiene que debe enfrentar su trabajo con humor y una perspectiva amplia. 
649 |a XX 
650 |a Producción (Artes Escénicas) -  |x Tema Principal 
650 |a Teatro -  |x Administración 
650 |a Administración de Proyectos 
650 |a Organización Administrativa 
650 |a Artes Escénicas (Producción) 
650 |a Artes Escénicas 
910 |a Fondo General 
920 |a Impresos - Libros 
930 |a Colección General 
905 |a 101 
901 |a 0500222804  |b IT1  |c ACC  |i C137690  |u 20250521 
902 |a https://opac.biblio.iteso.mx/vufind/Record/000332990